One Novel Wonders Quiz Stats

 Plays Quiz Updated Jul 14, 2015

Score 0/16 Timer 06:00
1 Play Today
% Correct
J.D. Salinger
96.7%
Emily Brontë
93.9%
Oscar Wilde
85.6%
Margaret Mitchell
83.7%
Sylvia Plath
76%
Boris Pasternak
73.5%
Anna Sewell
70.8%
Ralph Ellison
60.6%
% Correct
Stephen Chbosky
42.1%
Arundhati Roy
38.9%
Arthur Golden
38%
John Okada
15.7%
Ross Lockridge Jr.
12.5%
Lionel Trilling
12%
Allen Tate
11%
Cyril Connolly
9.5%

You're not logged in!

Compare scores with friends on all Sporcle quizzes.
OR
Log In

Sporcle TV

Today on Sporcle TV


Watch our educational content, quiz creation guides, and fun videos on Sporcle TV.

Show Comments

Extras

Top Quizzes Today


Score Distribution

Your Account Isn't Verified!

In order to create a playlist on Sporcle, you need to verify the email address you used during registration. Go to your Sporcle Settings to finish the process.

Report this User

Report this user for behavior that violates our Community Guidelines.

Details: